Karaman İl Testi - Statistics

General Stats
  • This quiz has been taken 36 times
  • The average score is 11 of 16
Answer Stats
Question Answer % Correct
Karaman ilinin ünlü yemeği hangisidir? Batırık
94%
Karaman önceden hangi ile bağlıydı? Konya
91%
Karaman hangi bölgede yer almaktadır? İç Anadolu Bölgesi
89%
Aşağıdaki ilçelerden hangisi Karaman'a aittir? Ermenek
83%
Aşağıdaki kişilerden hangisi Karaman'da doğmuştur? Kazım Karabekir Paşa
83%
Aşağıdaki illerden hangisi Karaman'ın bir komşusudur? Antalya
80%
Karaman'ın ekonomisinde en çok hangi sektör etkilidir? Tarım ve Hayvancılık
80%
Karaman'ın plaka kodu kaçtır? 70
74%
Karaman hangi iklim türüne sahiptir? Karasal İklim
71%
Karaman'da en çok yetiştirilen tarım ürünü nedir? Buğday
69%
Karaman'da bulunan ünlü tarihi yapı hangisidir? Hatuniye Medresesi
69%
Karaman ne zaman il oldu? 1989
51%
Karaman'ın nüfusu kaçtır? (2024) 200.000-300.000
51%
Karaman'da yer alan ünlü mağara hangisidir? Taşkale Mağarası
51%
Karaman'ın kaç tane ilçesi vardır? 6
46%
Karaman'ın geleneksel içeceği hangisidir? Kızılcık Şerbeti
43%
No matching quizzes found
Score Distribution
Percent of People with Each Score
Percentile by Number Answered
Your Score History
You have not taken this quiz